[Event "Tata Steel India Rapid"]
[Site "Kolkata IND"]
[Date "2026.01.09"]
[Round "9.2"]
[White "Niemann, Hans Moke"]
[Black "So, Wesley"]
[Result "1/2-1/2"]
[WhiteTitle "GM"]
[BlackTitle "GM"]
[WhiteElo "2725"]
[BlackElo "2753"]
[WhiteFideId "2093596"]
[BlackFideId "5202213"]
[EventDate "2026.01.07"]

1. e4 e5 2. Nf3 Nc6 3. Bc4 Bc5 4. c3 Nf6 5. d3 d6 6. O-O a5 7. Re1 O-O 8. h3 h6
9. Nbd2 a4 10. Nf1 Bd7 11. Bb5 Ne7 12. Bxd7 Nxd7 13. d4 Bb6 14. Ne3 f5 15. exf5
Nxf5 16. dxe5 Nxe5 17. Qd5+ Kh8 18. Nxe5 dxe5 19. Qxd8 Raxd8 20. Ng4 e4 21. Bf4
Nd4 22. Bxc7 Bxc7 23. cxd4 Rxd4 24. Rad1 Rfd8 25. Rxd4 Rxd4 26. Kf1 Ba5 27. Rc1
Rd2 28. Ne3 Rxb2 29. Nc4 Rb5 30. Nxa5 Rxa5 31. Rc4 a3 32. Rc3 Rb5 33. Rxa3 Rb2
34. Rb3 Rxa2 35. Rxb7 g5 36. Re7 Ra1+ 37. Ke2 Rg1 38. g3 Rh1 39. Rxe4 Rxh3 40.
Kf1 Rh1+ 1/2-1/2

[Event "Tata Steel India Rapid"]
[Site "Kolkata IND"]
[Date "2026.01.09"]
[Round "9.3"]
[White "Murzin, Volodar"]
[Black "Erigaisi, Arjun"]
[Result "1-0"]
[WhiteTitle "GM"]
[BlackTitle "GM"]
[WhiteElo "2652"]
[BlackElo "2775"]
[WhiteFideId "44155573"]
[BlackFideId "35009192"]
[EventDate "2026.01.07"]

1. d4 Nf6 2. Nf3 g6 3. Bg5 Bg7 4. Nbd2 O-O 5. e4 d5 6. exd5 Qxd5 7. Bc4 Qd6 8.
O-O a6 9. c3 b5 10. Bd3 Bb7 11. a4 b4 12. Nc4 Qd5 13. Re1 Nc6 14. Qe2 Rfe8 15.
Nce5 bxc3 16. Bc4 Nxd4 17. Qf1 Nxf3+ 18. gxf3 Qc5 19. Bxf7+ Kh8 20. b4 Qb6 21.
a5 Qb5 22. Bc4 Qxb4 23. Qh3 Nh5 24. Nf7+ Kg8 25. Qe6 h6 26. Ne5+ Kh8 27. Qxg6
Bxf3 28. Bd3 Kg8 29. Qh7+ Kf8 30. Nd7+ 1-0

[Event "Tata Steel India Rapid"]
[Site "Kolkata IND"]
[Date "2026.01.09"]
[Round "9.4"]
[White "Vidit, Santosh Gujrathi"]
[Black "Aravindh, Chithambaram VR."]
[Result "1/2-1/2"]
[WhiteTitle "GM"]
[BlackTitle "GM"]
[WhiteElo "2708"]
[BlackElo "2700"]
[WhiteFideId "5029465"]
[BlackFideId "5072786"]
[EventDate "2026.01.07"]

1. e4 c5 2. Nf3 d6 3. Bb5+ Nd7 4. Ba4 Nf6 5. O-O e6 6. d3 Be7 7. c4 O-O 8. Nc3
Ne5 9. Nxe5 dxe5 10. f4 exf4 11. Bxf4 Bd7 12. Bxd7 Nxd7 13. e5 Nb8 14. Kh1 Nc6
15. Qf3 Qd7 16. Qg3 Kh8 17. Ne4 Rad8 18. Rad1 b6 19. a3 f5 20. exf6 gxf6 21. Qh3
Rg8 22. b4 f5 23. b5 Nd4 24. Be5+ Rg7 25. Nf6 Bxf6 26. Bxf6 Rf8 27. Be5 Kg8 28.
Bxg7 Qxg7 29. Qg3 Qxg3 30. hxg3 h5 31. Kg1 a5 32. bxa6 Ra8 33. Rf2 Rxa6 34. Ra2
Kf7 35. Kf2 Kf6 36. Rb1 Kg5 37. a4 Nc6 38. Ra3 e5 39. a5 Nb4 40. axb6 Rxb6 41.
Ke2 Rd6 42. Rb2 Kg4 43. Rd2 Nc6 44. Rb2 Nb4 45. Rd2 Nc6 46. Kf2 Nb4 47. Ra8 Kg5
48. Rg8+ Kf6 49. Ke3 Rd4 50. Rc8 Rg4 51. Rxc5 Rxg3+ 52. Kf2 f4 53. Kf1 Nxd3 54.
Rd5 e4 55. Rxh5 Re3 56. Re2 Rxe2 57. Kxe2 f3+ 58. gxf3 Nf4+ 59. Ke3 Nxh5 60.
Kxe4 1/2-1/2

[Event "Tata Steel India Rapid"]
[Site "Kolkata IND"]
[Date "2026.01.09"]
[Round "9.5"]
[White "Praggnanandhaa, R"]
[Black "Wei, Yi"]
[Result "0-1"]
[WhiteTitle "GM"]
[BlackTitle "GM"]
[WhiteElo "2758"]
[BlackElo "2754"]
[WhiteFideId "25059530"]
[BlackFideId "8603405"]
[EventDate "2026.01.07"]

1. d4 Nf6 2. c4 e6 3. Nc3 Bb4 4. e3 O-O 5. Bd3 d5 6. cxd5 exd5 7. Ne2 Re8 8. O-O
Nbd7 9. Qb3 Bd6 10. Nxd5 Nxd5 11. Qxd5 Nf6 12. Qf3 c5 13. h3 Be6 14. Nf4 Bxf4
15. Qxf4 cxd4 16. exd4 Nd5 17. Qg3 Nb4 18. Bb5 Nc6 19. Rd1 Kh8 20. d5 Bxd5 21.
Bc4 Bxc4 22. Rxd8 Raxd8 23. Bg5 Rd7 24. Qc3 Be6 25. Re1 Kg8 26. Kh2 h6 27. Bc1
Red8 28. Re3 Nd4 29. b3 f6 30. Bb2 Bf7 31. Re4 Nc6 32. Qg3 Kh7 33. Bc3 Bg6 34.
Re3 Ne7 35. Qf3 Nf5 36. Re2 Rd3 37. Qxb7 Rxc3 38. Qxa7 Rd1 39. Qb7 h5 40. Re6
Ng3 41. fxg3 Rcc1 42. g4 h4 0-1